| 000 | 00672cam a22002411 4500 | ||
|---|---|---|---|
| 001 | sa 67005676 | ||
| 003 | DLC | ||
| 005 | 20260227112359.0 | ||
| 008 | 890926s1966 ii c b 000 0 hino | ||
| 010 | _asa 67005676 | ||
| 035 | _a(OCoLC)20397716 | ||
| 040 |
_aDLC _cWaU _dDLC |
||
| 042 | _apremarc | ||
| 050 | 0 | 0 |
_aPK2098.G8 _bZ8 |
| 100 | 1 | _aMaṇi, K. S. | |
| 245 | 1 | 0 | _aMaithilīśaraṇa Gupta aura Vallattola kā tulanātmaka adhyayana. |
| 260 | _c[1966] | ||
| 300 |
_a21, 301 p. _bports. _c25 cm. |
||
| 500 | _aIn Hindi. | ||
| 504 | _aBibliography: p. [293]-301. | ||
| 600 | 1 | 0 |
_aGupta, Maithili Sarana, _d1886-1964. |
| 600 | 0 | 0 |
_aVaḷḷattōḷ, _d1878-1958. |
| 999 |
_c75360 _d75360 |
||